The incredible journey of microfinance : (Record no. 144080)

MARC details
000 -LEADER
fixed length control field 00669nam a22002057a 4500
010 ## - LCCN (DPL NO)
LC control number ENG-120321
020 ## - INTERNATIONAL STANDARD BOOK NUMBER
International Standard Book Number 9789350733684
Terms of availability 350.00
035 ## - SYSTEM CONTROL NUMBER
System control number EN-103853
037 ## - SOURCE OF ACQUISITION
Source of stock number/acquisition DBAD/PUB
082 ## - DEWEY DECIMAL CLASSIFICATION NUMBER
Classification number 332
100 ## - MAIN ENTRY--PERSONAL NAME
Personal name Padmini Prasad
245 ## - TITLE STATEMENT
Title The incredible journey of microfinance :
Statement of responsibility, etc by Padmini Prasad , Jyoti Prasad [and] Avani pratap
Remainder of title Bangladesh to Bihar /
260 ## - PUBLICATION, DISTRIBUTION, ETC. (IMPRINT)
Place of publication, distribution, etc Delhi
Name of publisher, distributor, etc Educational Publishing House
Date of publication, distribution, etc 2014
270 ## - ADDRESS
Address 3191, Vakil Street, Kucha pandit,Lal Kuan,
City Delhi
Postal code 110006
300 ## - PHYSICAL DESCRIPTION
Extent xvii,237p.:
Dimensions 26cm(Hb).
Other physical details ill.
505 ## - FORMATTED CONTENTS NOTE
Formatted contents note
700 ## - ADDED ENTRY--PERSONAL NAME
Personal name Jyoti Prasad,
700 ## - ADDED ENTRY--PERSONAL NAME
Personal name Avani Pratap
942 ## - ADDED ENTRY ELEMENTS (KOHA)
Source of classification or shelving scheme Dewey Decimal Classification
Item type English Books
Classification part 332
Call number suffix PAD
Holdings
Withdrawn status Lost status Not for loan Collection code Home library Current library Date acquired Source of acquisition Cost, normal purchase price Full call number Barcode Copy number Cost, replacement price Koha item type
      Non-fiction Patel Nagar Patel Nagar 06/09/2017 DBAD/PUB 350.00 332 PAD EN-103853 1 350.00 English Books

© Delhi Public Library
Hit Counter
free hit counter